LEADER 02302nam 2200493 a 450 001 9910700911103321 005 20111115162728.0 035 $a(CKB)5470000002413920 035 $a(OCoLC)761094658 035 $a(EXLCZ)995470000002413920 100 $a20111115d2011 ua 0 101 0 $aeng 135 $aurmn||||||||| 181 $ctxt$2rdacontent 182 $cc$2rdamedia 183 $acr$2rdacarrier 200 10$aThree-dimensional hydrodynamic model developments for a Delaware River and Bay nowcast/forecast system$b[electronic resource] /$fRichard A. Schmalz, Jr 210 1$aSilver Spring, Md. :$cU.S. Dept. of Commerce, National Oceanic and Atmospheric Administration, National Ocean Service, Office of Coast Survey, Coast Survey Development Laboratory,$d[2011] 215 $a1 online resource (xviii, 179 pages) $cillustrations, maps 225 1 $aNOAA technical report NOS CS ;$v28 300 $aTitle from PDF title screen (viewed Nov. 2, 2011). 300 $a"January 2011." 320 $aIncludes bibliographical references (pages 175-179). 517 3 $aThree dimensional hydrodynamic model developments for a Delaware River and Bay nowcast/forecast system 606 $aHydrodynamics$xMathematical models 606 $aOceanography$zDelaware River (N.Y.-Del. and N.J.)$xSimulation methods 606 $aWater levels$zDelaware River (N.Y.-Del. and N.J.)$xSimulation methods 606 $aSalinity$zDelaware River (N.Y.-Del. and N.J.)$xSimulation methods 606 $aOcean temperature$zDelaware River (N.Y.-Del. and N.J.)$xSimulation methods 606 $aOcean circulation$zDelaware River (N.Y.-Del. and N.J.)$xSimulation methods 615 0$aHydrodynamics$xMathematical models. 615 0$aOceanography$xSimulation methods. 615 0$aWater levels$xSimulation methods. 615 0$aSalinity$xSimulation methods. 615 0$aOcean temperature$xSimulation methods. 615 0$aOcean circulation$xSimulation methods. 700 $aSchmalz$b Richard A$01396317 712 02$aCoast Survey Development Laboratory (U.S.) 801 0$bGPO 801 1$bGPO 906 $aBOOK 912 $a9910700911103321 996 $aThree-dimensional hydrodynamic model developments for a Delaware River and Bay nowcast$93543026 997 $aUNINA